ბათუმის შოთა რუსთაველის სახელმწიფო უნივერსიტეტის ბიბლიოთეკა

ვეფხისტყაოსანი.ტ.1 ტექსტი და ვარიანტები. (ბიბ.ჩანაწერი № 43265)

000 -LEADER
fixed length control field 01069nam a2200229Ia 4500
001 - CONTROL NUMBER
control field 9992
003 - CONTROL NUMBER IDENTIFIER
control field GE_BSU
008 - FIXED-LENGTH DATA ELEMENTS--GENERAL INFORMATION
fixed length control field 181216s||||||||xx |||||||||||||| ||und||
040 ## - CATALOGING SOURCE
Transcribing agency GE_BSU
080 ## - UNIVERSAL DECIMAL CLASSIFICATION NUMBER
Universal Decimal Classification number 821.353.1–13
100 ## - MAIN ENTRY--PERSONAL NAME
Personal name რუსთაველი,შოთა
245 ## - TITLE STATEMENT
Title ვეფხისტყაოსანი.ტ.1 ტექსტი და ვარიანტები.
245 ## - TITLE STATEMENT
Remainder of title პოემა. ტექსტი ძირით.ვარიანტ.,კომენტარებით და ლექსიკონებითურთ ორ ტომად
245 ## - TITLE STATEMENT
Statement of responsibility, etc. მ თ.რედ,ა.შანიძე.ვარიანტები შეადგინა ც. კარბელაშვილმაა.შანიძის და ა. ბარამიძის რედ.
260 ## - PUBLICATION, DISTRIBUTION, ETC.
Place of publication, distribution, etc. თბილისი
260 ## - PUBLICATION, DISTRIBUTION, ETC.
Name of publisher, distributor, etc. მეცნიერება
260 ## - PUBLICATION, DISTRIBUTION, ETC.
Date of publication, distribution, etc. 1966
300 ## - PHYSICAL DESCRIPTION
Extent 535გვ.26სმ.
653 ## - INDEX TERM--UNCONTROLLED
Uncontrolled term ვეფხისტყაოსანი
653 ## - INDEX TERM--UNCONTROLLED
Uncontrolled term პოემა
942 ## - ADDED ENTRY ELEMENTS (KOHA)
Koha item type წიგნი
ეგზემპლარები
Withdrawn status Lost status Damaged status Not for loan Date acquired Barcode Date last seen Price effective from Koha item type
        2018-12-17 33427 2018-12-17 2018-12-17 წიგნი